000 00326nam a2200133Ia 4500
008 230917s9999||||xx |||||||||||||| ||und||
040 _e90708
_aMAIN
041 _aEnglish
082 _a617.7 J199E
100 _aJain, Rajesh Kumar
245 0 _aFundus fluorescein angiography in myopic eyes
300 _a97 p.
942 _cTH
999 _c49609
_d49609